000 00467nam a2200169Ia 4500
008 090123s9999 xx 000 0 und d
082 _b1674
100 _aमाहेरी अरिर
245 _aशाही कातिल
250 _a0
300 _a116
600 _aमाहेरी अरिर
630 _aशाही कातिल
700 _aमाहेरी अरिर
730 _aशाही कातिल
942 _cBOOK
999 _c39756
_d39756